Polskie miasta według produkowanych samochodów - Statystyki

Ogólne statystyki
  • Ten quiz został rozwiązany 24 razy
  • Średni wynik to 7 z 17
Statystyki odpowiedzi
Samochody Polskie miasto % Poprawnych
FSC Żuk (1959-1998),Daewoo Lublin (1998-2001), Ursus City Smile (2011-2018) Lublin
96%
FSO Warszawa (1951-1973),FSO Syrena (1957-1972),
Polski Fiat 125p (1967-1991),
FSO Polonez (1978-2002), Daewoo Lanos (1997-2008),
Daewoo Matiz (1998-2007), Chevrolet Aveo (2007-2011)
Warszawa
96%
Modele Nysy (1959-1994),Polonez Truck (1988-2004), Citroën Berlingo (1996-2010)*** Nysa
58%
Opel Astra (1998-2022),Opel Agila (2000-2007), Opel Zafira (2005-2010), Fiat Ducato (od 2006), Peugeot Boxer (od 2006), Opel Movano (od 2022), Toyota Proace Max (od 2024) Gliwice
54%
Star 200 (1976-1994),Star S2000 (2000-2007), MAN Lion's City G (od 2004) Starachowice
54%
Autosan H9 (1974-2007),Autosan Sancity (od 2008) Sanok
50%
FSM Syrena (1972-1983),Fiat 126 (1973-2000),
Fiat Uno (1994-2000),
Fiat Siena (1997-2000)
Bielsko-Biała
46%
Fiat 126 (1975-1991),Fiat Cinquecento (1991-1998), Fiat Punto (1995-2000)***,Fiat Seicento (1997-2010), Fiat Siena (2000-2001), Fiat Uno (2000-2002), Fiat Panda (2003-2012), Fiat 500 (2007-2024), Ford Ka (2008-2016), Abarth 500 (2008-2024),
Lancia Ypsilon (2011-2024),
Jeep Avenger (od 2023), Alfa Romeo Junior (od 2024)
Tychy
46%
Jelcz 043 (1959-1986),Jelcz 300 (1968-1992), Mercedes-Benz Vito (1996-2003) Jelcz-Laskowice
42%
FSR Tarpan (1973-1995),Volkswagen T4 (1993-2003),
Škoda Felicia (1995-2001)***,
Audi A6 (1997-2000)***, Volkswagen Passat (1997-2001)***,
Volkswagen Bora (1999-2001)***, Škoda Fabia (2000-2002)***,
Volkswagen T5 (2003-2015), Volkswagen Caddy (od 2003),
Volkswagen T6 (2015-2024), Ford Tourneo Connect (od 2022)
Poznań
29%
Volvo 7000 (1998-2003),Volvo 7700 (2003-2012),
Volvo 8900 (od 2013)
Wrocław
17%
Volkswagen Crafter (od 2016),MAN TGE (od 2017) Września
17%
Scania CN94UA (1998-2005),Scania CN270UB (2005-2012),
Scania Citywide (2012-2024)
Słupsk
13%
Mikrus MR-300 (1957-1960),Leopard 6 Litre Roadster (2005-2014) Mielec
8%
MAN TGA (od 2007),MAN TGX (od 2007) Niepołomice
8%
Ford Escort (1995-2000)***,Ford Transit (1997-2000)*** Płońsk
8%
Solbus C 10,5 (2004-2007),Solbus Solcity 12 (2008-2016),
Solbus Solcity 18 (2009-2015)
Solec Kujawski
8%
Nie znaleziono quizów pasujących do podanych kryteriów
Rozkład punktacji
Procent ludzi z każdym wynikiem
Percentyl według liczby udzielonych odpowiedzi
Twoja historia wyników
Nie rozwiązałeś tego quizu